000 00311nam a2200121Ia 4500
008 190216s9999||||xx |||||||||||||| ||und||
100 _aKrishna Pillai E V
245 0 _aSita Lakshmi
260 _b"Sree Ram Vilas Press & Book Depot,Quilon"
_c1978
300 _a147p
650 _aMalayalam Nadakam
942 _cBK
999 _c25786
_d25786